Open Data Biblioteca Nacional de Portugal


República Portuguesa: Ministério da Cultura
Biblioteca Nacional de Portugal

Catálogo da BNP: acesso por Identificadores Unívocos
Registos Bibliográficos associados ao registo de autoridade

Etiqueta de registo: 00000nkm 2200025 450
001 2272013
003 http://id.bnportugal.gov.pt/bib/catbnp/2272013
100 ## $a20260225d1990 m y0pory01030103ba
101 0# $apor
102 ## $aPT
200 1# $aXana, Escultura, Porto, 24 maio -12 junho 90$bVisual gráfico]$fÁrvore - Cooperativa de Atividades Artísticas CRL $gHumberto Nélson
210 #9 $aPorto$cÁrvore - Cooperativa de Atividades Artísticas CRL,$d1990$ePorto$gGrafislab)
215 ## $a1 cartaz$ccolor.$d60x48 cm
317 ## $aColeção Madeira Luís
702 #1 $aNélson,$bHumberto$31987508
710 02 $aÁrvore - Cooperativa de Actividades Artísticas$31910724
801 #0 $aPT$bBN$gRPC
966 ## $lBN$mICONOG$sCT. 22436 A.$x3
971 ## $cCaticonografia2$d20260225
995 ## $aPRR2026 $d20260225$iCaticonografia2

Etiqueta de registo: 00000nkm 2200025 450
001 2282689
003 http://id.bnportugal.gov.pt/bib/catbnp/2282689
100 ## $a20260323d1988 m y0pory01030103ba
101 0# $apor
102 ## $aPT
200 1# $aInstituto António Sergio, Manifestações de Apoio às CERCI'S$bVisual gráfico]$fInstituto António Sergio
210 #9 $a[S.l].$cInstituto António Sergio,$d1988$e[Porto] :$gGráficos Reunidos, Lda)
215 ## $a1 cartaz$ccolor.$d61x43 cm
317 ## $aColeção Madeira Luís
702 #1 $aNélson,$bHumberto$31987508
710 01 $aCASES - Cooperativa António Sérgio para a Economia Social$314347
801 #0 $aPT$bBN$gRPC
966 ## $lBN$mICONOG$sCT. 25659 A.$x3
971 ## $cCatmusica8$d20260323
995 ## $aPRR2026

OpendataBNP@bnportugal.pt | Mais informação sobre acesso aos dados BNP